书目信息 |
| 题名: |
园林建筑设计
|
|
| 作者: | 郑永莉 主编 | |
| 分册: | ||
| 出版信息: | 北京 机械工业出版社 2016.3 |
|
| 页数: | 245页 | |
| 开本: | 26cm | |
| 丛书名: | ||
| 单 册: | ||
| 中图分类: | TU986.4 | |
| 科图分类: | ||
| 主题词: | 园林建筑--园林设计--高等职业教育--教材 | |
| 电子资源: | ||
| ISBN: | 978-7-111-52461-8 | |
| 000 | 00859nam0 2200241 450 | |
| 001 | 0400002649 | |
| 005 | 20171021130208.0 | |
| 010 | @a978-7-111-52461-8@dCNY38.00 | |
| 100 | @a20160314d2016 em y0chiy50 ea | |
| 101 | 0 | @achi |
| 102 | @aCN@b110000 | |
| 105 | @aa z 000yy | |
| 106 | @ar | |
| 200 | 1 | @a园林建筑设计@9yuan lin jian zhu she ji@f主编郑永莉 |
| 210 | @a北京@c机械工业出版社@d2016.3 | |
| 215 | @a245页@c图@d26cm | |
| 300 | @a高职高专园林专业系列规划教材 | |
| 330 | @a本书共设八个项目, 分别为园林与园林建筑认知、园林建筑构造识读、建筑平面设计、园林建筑设计的方法和技巧、园林建筑单体设计、服务性园林建筑设计、园区附属建筑设计、园林建筑小品设计。 | |
| 606 | 0 | @a园林建筑@x园林设计@x高等职业教育@j教材 |
| 690 | @aTU986.4@v5 | |
| 701 | 0 | @a郑永莉@9zheng yong li@4主编 |
| 801 | 0 | @aCN@b91MARC@c20171021 |
| 905 | @b1032530-4@dTU986.4@f5@e1141 | |
| 园林建筑设计/主编郑永莉.-北京:机械工业出版社,2016.3 |
| 245页:图;26cm |
| 高职高专园林专业系列规划教材 |
| ISBN 978-7-111-52461-8:CNY38.00 |
| 本书共设八个项目, 分别为园林与园林建筑认知、园林建筑构造识读、建筑平面设计、园林建筑设计的方法和技巧、园林建筑单体设计、服务性园林建筑设计、园区附属建筑设计、园林建筑小品设计。 |
| ● |
| 相关链接 |
|
|
|
|
正题名:园林建筑设计
索取号:TU986.4/1141
 
预约/预借
| 序号 | 登录号 | 条形码 | 馆藏地/架位号 | 状态 | 备注 |
| 1 | 1032530 | 210325307 | 第二样本阅览室/ [索取号:TU986.4/1141] | 在馆 | |
| 2 | 1032531 | 210325316 | 密集书库-生命科学系/ [索取号:TU986.4/1141] | 在馆 | |
| 3 | 1032532 | 210325325 | 第三借阅区/ [索取号:TU986.4/1141] | 在馆 | |
| 4 | 1032533 | 210325334 | 第三借阅区/ [索取号:TU986.4/1141] | 在馆 | |
| 5 | 1032534 | 210325343 | 第三借阅区/ [索取号:TU986.4/1141] | 在馆 |